Gaming Quiz

Random Gaming or City Quiz

Pokemon Diamond/Pearl Towns & Cities Quiz Stats

 Plays Quiz not verified by Sporcle

Support Sporcle.
Go Orange.
Score 0/14 Timer 20:00
0 Plays Today
Hints Town/City % Correct
Protagonists HomeTownTwinleaf
89%
TV Station and Trainers SchoolJubilife
83.3%
Contests and 5th GymHearthome
81%
Bicycle Shop and 2nd GymEterna
77.6%
Professor Rowans LaboratorySandgem
76.2%
Coal Mine and 1st GymOreburgh
73.8%
Temple and 7th GymSnowpoint
72.4%
Hints Town/City % Correct
Day Care and RuinsSolaceon
70.5%
Galactic HQ and 3rd GymVeilstone
69.5%
Great Marsh and 4th GymPastoria
66.7%
Library and 6th GymCanalave
64.8%
Flower Shop and Valley WindworksFloaroma
61.4%
Lighthouse and 8th GymSunyshore
58.1%
Pokemon DrawingsCelestic
52.4%

You're not logged in!

Compare scores with friends on all Sporcle quizzes.
OR
Log In

From the Vault

10-Letter Vocabulary (Hard)

by JoeBeta

You'll need to be a vocabulary whiz to get all of these.
Remove Ads.
Support Sporcle.
Get the best of Sporcle when you Go Orange. This ad-free experience offers more features, more stats, and more fun while also helping to support Sporcle. Thank you for becoming a member.

Show Comments

Extras

Created Feb 15, 2011ReportNominate
Tags:City Quiz, Pokémon Quiz

Top Quizzes Today


Score Distribution

Your Account Isn't Verified!

In order to create a playlist on Sporcle, you need to verify the email address you used during registration. Go to your Sporcle Settings to finish the process.

Report this User

Report this user for behavior that violates our Community Guidelines.

Details: